000 01570nam a2200349 a 4500
999 _c97801
_d97801
003 BLK
005 20250417144804.0
008 180409b bul|||||r ||||||| ||bul||
010 _aKNG00102716000
040 _aBLK
041 _aBUL
_cBUL
080 _aМакроикономика. Микроикономика
_b330.101.54
_x(072)
_z330.101.54(072)
100 1 _aЛейдлър, Дейвид
_eпърви автор
_988223
139 _aЛейдлър, Дейвид и др.
_bЛ 40
245 1 0 _aУвод в микроикономиката
_cДейвид Лейдлър; съавт. Сол Естрин; прев. от англ. Васил Бресковски.
257 _aGBR
260 _aСофия
_bУнив. изд. Св. Климент Охридски
_c1992
300 _a516 с.
_bдиагр.
_c24 см
380 _a3
500 _aОриг. загл. Introduction to Mikroeconomies / David Laidier, Saul Estrin - 5 065 тир. - Библиогр. след отд. части ; Терминол. речник.
650 4 _aМикроикономика - методика на преподаване
_9286619
653 _aмикроикономика
700 1 _aЕстрин, Сол
_eсъавт.
_9286618
700 1 _aБресковски, Васил
_eпрев. от англ.
_943248
852 _aЦб 170982
_bЦб
856 4 _qpdf
_i0.00
_ldisable
856 4 _qpdf
_i0.00
_ldisable
942 _cKNG
_n0
_02
_s1
944 _aCR
_c01.01.1999
_k30576
_lЦветомила Тодорова
944 _aED
_c05.11.2014
999 _d97801